000 00737cam a22002533a 4500
001 692
003 PGUSA
005 20140828082951.0
008 961001s1996||||xxu|||||s|||||000 p eng d
040 _aPGUSA
_beng
042 _adc
050 4 _aPS
100 1 _aRiley, James Whitcomb,
_d1849-1916
245 1 4 _aThe Complete Works of James Whitcomb Riley — Volume 10
_h[electronic resource] /
_cJames Whitcomb Riley
260 _bProject Gutenberg,
_c1996
506 _aPublic domain in the USA.
516 _aElectronic text
653 _aShort stories, American
653 _aAmerican essays
653 _aAmerican poetry
830 0 _aProject Gutenberg
_v692
856 4 0 _uhttp://www.gutenberg.org/ebooks/692
942 _cEB
999 _c230043
_d230043